Journal of biological science and bioconservation (Record no. 38357)

MARC details
000 -LEADER
fixed length control field 00526nam a2200169Ia 4500
022 ## - INTERNATIONAL STANDARD SERIAL NUMBER
ISSN 22770143
050 ## - CALL MARK
Classification number QH 305.2 .N6/
245 #0 - TITLE STATEMENT
Title Journal of biological science and bioconservation
260 ## - PUBLICATION, DISTRIBUTION, ETC. (IMPRINT)
Place of publication Minna, Niger State.
260 ## - PUBLICATION, DISTRIBUTION, ETC. (IMPRINT)
Name of publisher Centre for Research and Innovations
260 ## - PUBLICATION, DISTRIBUTION, ETC. (IMPRINT)
Year of publication 2011
300 ## - PHYSICAL DESCRIPTION
Number of Pages ix, 174 p. : ill. ; 29 cm.
650 ## - SUBJECT ADDED ENTRY--TOPICAL TERM
Topical Term Biology--Nigeria--Periodicals. Biodiversity conservation--Nigeria--Periodicals.
942 ## - ADDED ENTRY ELEMENTS (KOHA)
Koha item type Serials

No items available.